हिन्दू नैतिक दर्शन में कर्म एंव मोक्ष / (Record no. 63234)

MARC details
000 -LEADER
fixed length control field 00847nam a22001697a 4500
005 - DATE AND TIME OF LATEST TRANSACTION
control field 20120218175648.0
008 - FIXED-LENGTH DATA ELEMENTS--GENERAL INFORMATION
fixed length control field 120218t xxu||||| |||| 00| 0 eng d
020 ## - INTERNATIONAL STANDARD BOOK NUMBER
Terms of availability 300.00
035 ## - SYSTEM CONTROL NUMBER
System control number B-176873
040 ## - CATALOGING SOURCE
Original cataloging agency दि.प.ल.
Language of cataloging हिन्दी
100 ## - MAIN ENTRY--PERSONAL NAME
Personal name ब्रजकिशोर प्रसाद
9 (RLIN) 42619
245 ## - TITLE STATEMENT
Title हिन्दू नैतिक दर्शन में कर्म एंव मोक्ष /
Statement of responsibility, etc ब्रजकिशोर प्रसाद
260 ## - PUBLICATION, DISTRIBUTION, ETC. (IMPRINT)
Place of publication, distribution, etc नई दिल्ली
Name of publisher, distributor, etc जानकी प्रकाशन
Date of publication, distribution, etc 2005
300 1# - PHYSICAL DESCRIPTION
Extent 154पृ
Dimensions 22से.मी.
942 ## - ADDED ENTRY ELEMENTS (KOHA)
Source of classification or shelving scheme Dewey Decimal Classification
Item type Hindi Books
Classification part 181.41
Call number suffix ब्रजकि
Holdings
Withdrawn status Lost status Source of classification or shelving scheme Damaged status Not for loan Collection code Home library Current library Shelving location Date acquired Cost, normal purchase price Total Checkouts Full call number Barcode Date last seen Cost, replacement price Koha item type
    Dewey Decimal Classification     Non-fiction Sarojini Nagar Sarojini Nagar General Stacks 18/02/2012 300.00   181.41 ब्रजकि B-176873 18/02/2012 300.00 Hindi Books

© Delhi Public Library
Hit Counter
free hit counter